Erfolgreichste Filme in Deutschland - Statistiken

Allgemein
  • Dieses Quiz wurde 38 mal gespielt
  • Das Durchschnittsergebnis liegt bei 2 aus 15
Antwortstatistiken
Anzahl Kinobesucher Erscheinungsjahr Antwort % Korrekt
18.986.084 1998 Titanic
79%
11.721.183 2001 Der Schuh des Manitu
47%
27.293.000 1968 Das Dschungelbuch
24%
11.899.893 1994 Der König der Löwen
21%
13.525.000 1959 Ben Hur
15%
11.955.052 2001 Der Herr der Ringe: Die Gefährten
12%
12.657.650 2001 Harry Potter und der Stein der Weisen
12%
11.692.617 2009 Avatar – Aufbruch nach Pandora
9%
11.532.400 1963 Das Schweigen
0%
11.250.000 1958 Das Wirtshaus im Spessart
0%
14.500.000 1957 Die Brücke am Kwai
0%
13.483.400 1966 Doktor Schiwago
0%
11.425.800 1965 James Bond 007 – Feuerball
0%
13.018.414 1969 Spiel mir das Lied vom Tod
0%
12.267.000 1972 Vier Fäuste für ein Halleluja
0%
Keine übereinstimmenden Quizze gefunden
Verteilung der Resultate
Anzahl Personen mit jedem Resultat
Perzentil nach korrekt beantworteten Fragen
Ihre Resultats-Entwicklung
Sie haben dieses Quiz noch nicht gespielt